NFL Players Colleges (WR's) - Statistics

General Stats
  • This quiz has been taken 380 times
  • The average score is 17 of 22
Answer Stats
Hint Answer % Correct
Justin Jefferson LSU
99%
Ja'marr Chase LSU
99%
DeVonta Smith Alabama
97%
Amari Cooper Alabama
97%
Terry McLaurin Ohio State
94%
Chris Olave Ohio State
94%
Garrett Wilson Ohio State
94%
A.J. Brown Ole Miss
87%
DK Metcalf Ole Miss
87%
DeAndre Hopkins Clemson
86%
Tee Higgins Clemson
86%
CeeDee Albums Oklahoma
85%
Mike Evans Texas A&M
80%
Christian Kirk Texas A&M
80%
Stefon Diggs Maryland
76%
Davante Adams Fresno State
73%
Cooper Kupp Eastern Washington
60%
Deebo Samuel South Carolina
58%
Tyreek Hill West Alabama
55%
Chris Godwin Penn State
54%
Keenan Allen California
43%
Tyler Lockett Kansas State
43%
No matching quizzes found
Score Distribution
Percent of People with Each Score
Percentile by Number Answered
Your Score History
You have not taken this quiz